Sports Quiz

Random Sports or Soccer Quiz

International Football XIs: France Quiz Stats

 Plays Quiz Updated Apr 30, 2018

Score 0/253 Timer 20:00
15 Plays Today
% Correct
Hugo Lloris
95.6%
Hugo Lloris
95.1%
Thierry Henry
95%
Thierry Henry
95%
Thierry Henry
95%
Thierry Henry
95%
Thierry Henry
95%
Thierry Henry
95%
Thierry Henry
95%
Thierry Henry
95%
Thierry Henry
95%
Thierry Henry
95%
Hugo Lloris
94.6%
Hugo Lloris
93.7%
Hugo Lloris
93.6%
Hugo Lloris
93.6%
Hugo Lloris
93.6%
Hugo Lloris
93.6%
Hugo Lloris
93.6%
Zinedine Zidane
93.2%
Zinedine Zidane
93.2%
Zinedine Zidane
93.2%
Zinedine Zidane
93.2%
Zinedine Zidane
93.2%
Zinedine Zidane
93.2%
Zinedine Zidane
93.2%
Zinedine Zidane
93.2%
Zinedine Zidane
93.2%
Zinedine Zidane
93.2%
Zinedine Zidane
93.2%
Zinedine Zidane
93.2%
Paul Pogba
91.2%
Olivier Giroud
90.8%
Fabien Barthez
90.3%
Fabien Barthez
90.3%
Fabien Barthez
90.3%
Fabien Barthez
90.3%
Fabien Barthez
90.3%
Fabien Barthez
90.3%
Fabien Barthez
90.3%
Fabien Barthez
90.3%
Fabien Barthez
90.3%
Antoine Griezmann
89.6%
Paul Pogba
89.6%
Olivier Giroud
89.1%
Antoine Griezmann
87.9%
Olivier Giroud
87.9%
Ibrahim Ba
86.2%
Karim Benzema
85.9%
Karim Benzema
85.9%
Karim Benzema
85.9%
Karim Benzema
85.9%
Karim Benzema
85.5%
Paul Pogba
85.4%
Raphaël Varane
84.6%
Antoine Griezmann
84.5%
Patrice Evra
84.1%
Patrice Evra
83.9%
Patrice Evra
83.7%
Patrice Evra
83.7%
Patrice Evra
83.7%
Patrice Evra
83.7%
Patrice Evra
83.7%
Paul Pogba
83.6%
Patrice Evra
83.4%
Olivier Giroud
83.3%
Patrice Evra
83%
Olivier Giroud
81.6%
Raphaël Varane
80.7%
Lilian Thuram
79.7%
Lilian Thuram
79.7%
Lilian Thuram
79.7%
Lilian Thuram
79.7%
Lilian Thuram
79.7%
Lilian Thuram
79.7%
Lilian Thuram
79.7%
Lilian Thuram
79.7%
Lilian Thuram
79.7%
Lilian Thuram
79.7%
Lilian Thuram
79.7%
Lilian Thuram
79.7%
Patrick Vieira
79.6%
Patrick Vieira
79.6%
Patrick Vieira
79.6%
Patrick Vieira
79.6%
% Correct
Patrick Vieira
79.6%
Patrick Vieira
79.6%
Franck Ribéry
79%
Franck Ribéry
79%
Franck Ribéry
79%
Franck Ribéry
79%
Franck Ribéry
79%
Franck Ribéry
79%
Laurent Koscielny
78.8%
David Trezeguet
78.6%
Raphaël Varane
78.6%
Marcel Desailly
78.5%
Marcel Desailly
78.5%
Marcel Desailly
78.5%
Marcel Desailly
78.5%
Marcel Desailly
78.5%
Marcel Desailly
78.5%
Marcel Desailly
78.5%
Marcel Desailly
78.5%
Marcel Desailly
78.5%
Franck Ribéry
78.5%
Laurent Koscielny
78.1%
Laurent Blanc
78.1%
Laurent Blanc
78.1%
Laurent Blanc
78.1%
Laurent Blanc
78.1%
Laurent Blanc
78.1%
Antoine Griezmann
78.1%
Laurent Koscielny
78%
N'Golo Kanté
77.4%
Emmanuel Petit
77.3%
Emmanuel Petit
77.3%
Emmanuel Petit
77.3%
Emmanuel Petit
77.3%
Didier Deschamps
76.1%
Didier Deschamps
76.1%
Didier Deschamps
76.1%
Didier Deschamps
76.1%
Didier Deschamps
76.1%
Didier Deschamps
76.1%
Raphaël Varane
75.6%
Bacary Sagna
75.5%
Bacary Sagna
75%
Blaise Matuidi
75%
Bacary Sagna
74.2%
Laurent Koscielny
73.9%
Bacary Sagna
73.9%
Bacary Sagna
73.9%
Bacary Sagna
73.9%
Robert Pires
73.1%
Robert Pires
73.1%
Blaise Matuidi
73%
Kylian Mbappé
72.8%
Blaise Matuidi
71.7%
Nicolas Anelka
70.5%
Nicolas Anelka
70.5%
Nicolas Anelka
70.5%
Nicolas Anelka
70.5%
Bixente Lizarazu
70.5%
Bixente Lizarazu
70.5%
Bixente Lizarazu
70.5%
Bixente Lizarazu
70.5%
Bixente Lizarazu
70.5%
Bixente Lizarazu
70.5%
Bixente Lizarazu
70.5%
Sylvain Wiltord
69.8%
Sylvain Wiltord
69.8%
Sylvain Wiltord
69.8%
Sylvain Wiltord
69.8%
Sylvain Wiltord
69.8%
Sylvain Wiltord
69.8%
Samuel Umtiti
69%
Claude Makélélé
68.1%
Claude Makélélé
68.1%
Claude Makélélé
68.1%
Claude Makélélé
68.1%
Claude Makélélé
68.1%
Blaise Matuidi
68%
Blaise Matuidi
66.9%
Dimitri Payet
63.5%
Samir Nasri
63.2%
Samir Nasri
63.2%
William Gallas
61.7%
William Gallas
61.7%
William Gallas
61.7%
% Correct
William Gallas
61.7%
William Gallas
61.7%
William Gallas
61.7%
William Gallas
61.7%
Florent Malouda
61.1%
Florent Malouda
61.1%
Florent Malouda
61.1%
Florent Malouda
61.1%
Florent Malouda
61.1%
Florent Malouda
61.1%
Youri Djorkaeff
60.9%
Youri Djorkaeff
60.9%
Youri Djorkaeff
60.9%
Willy Sagnol
60.2%
Willy Sagnol
60.2%
Mathieu Valbuena
58.6%
Moussa Sissoko
58.2%
Mathieu Valbuena
58.1%
Mathieu Valbuena
58.1%
Éric Abidal
57.7%
Éric Abidal
57.7%
Éric Abidal
57.7%
Éric Abidal
57.7%
Éric Abidal
57.7%
Éric Abidal
57.7%
Grégory Coupet
57.6%
Grégory Coupet
57.6%
Éric Abidal
57.3%
Moussa Sissoko
57.1%
Yohan Cabaye
54.3%
Yohan Cabaye
54.3%
Frank Leboeuf
53.5%
Frank Leboeuf
53.5%
Frank Leboeuf
53.5%
Mathieu Debuchy
53.1%
Yohan Cabaye
52.9%
Christophe Dugarry
52.5%
Christophe Dugarry
52.5%
Mathieu Debuchy
52.4%
Lassana Diarra
52.2%
Lassana Diarra
52.2%
Alou Diarra
52.2%
Philippe Mexès
50.8%
Stéphane Guivarc'h
49.6%
Bernard Lama
49.2%
Bernard Lama
49.2%
Mamadou Sakho
48.1%
Christian Karembeu
47.9%
Christian Karembeu
47.9%
Christian Karembeu
47.9%
Adil Rami
47.8%
Adil Rami
47.8%
Djibril Sidibé
47.3%
Mamadou Sakho
47.2%
Yoann Gourcuff
45.6%
Yoann Gourcuff
45.6%
Jérémy Toulalan
43.1%
Jérémy Toulalan
43.1%
Jérémy Toulalan
43.1%
Mikaël Silvestre
41.6%
Mikaël Silvestre
41.6%
Mikaël Silvestre
41.6%
André-Pierre Gignac
39.7%
Mickaël Landreau
37.5%
Abou Diaby
36%
Louis Saha
35.9%
Morgan Schneiderlin
34.2%
Vincent Candela
33.6%
Patrice Loko
29.4%
Patrice Loko
29.4%
Jean-Alain Boumsong
28.7%
Sébastien Squillaci
28.6%
Jocelyn Angloma
28%
Alain Boghossian
27.3%
Vikash Dhorasoo
22.2%
Eric Di Meco
21.7%
Vincent Guérin
21.2%
Vincent Guérin
21.2%
Olivier Dacourt
21.1%
Benoît Pedretti
20.6%
Francois Clerc
20%
Reynald Pedros
19%
Pierre Laigle
14.5%

You're not logged in!

Compare scores with friends on all Sporcle quizzes.
OR
Log In

Show Comments

Extras

Top Quizzes Today


Score Distribution

Your Account Isn't Verified!

In order to create a playlist on Sporcle, you need to verify the email address you used during registration. Go to your Sporcle Settings to finish the process.

Report this User

Report this user for behavior that violates our Community Guidelines.

Details: